000 00375nam a2200145Ia 4500
008 230917s9999||||xx |||||||||||||| ||und||
040 _e129238
_aMAIN
041 _aEnglish
082 _a820.9 S48C
100 _aSampson, George
245 0 _aConcise Cambridge history of English literature
260 _a[n.p.]
_bEnglish Library
_c1965
300 _a1071 p.
942 _cBK
999 _c195069
_d195069